Statistiken für Nerd Quiz Acho Edition #1

Klicken Sie hier um das Quiz zu spielen!

Allgemein

  • Dieses Quiz wurde 74 mal gespielt
  • Das Durchschnittsergebnis liegt bei 6 aus 15

Antwortstatistiken

FrageAntwort% Korrekt
Welchen Beruf geht Super Mario nach?Klempner
94%
Welcher Planet stammt aus dem Star Wars Franchise?Coruscant
64%
Welche Helden-Kombination hat einen NICHT-Marvel Helden?Hulk, Ant-Man, Tomahawk & Odin
58%
Welche Stadt wurde die Hauptstadt von Gondor aus dem Herr der Ringe Franchise, nachdem Osgiliath zerstört wurde?Minas Tirith
48%
Welches deutsche Entwicklerstudio entwickelte die legendäre, RPG, PC-exklusive Gothic Trilogie?Piranha Bytes
47%
Welches ist KEIN Zelda Spiel aus der Hauptreihe?The Legend of Zelda: The Dragons Awakening
47%
Welcher Charakter stammt NICHT aus dem PC-Spiel "League of Legends" ?Zoltan
47%
Welcher Fussballprofi hatte in Teil 3 der Erfolgsserie "Haus des Geldes" einen Gastauftritt?Neymar Jr.
38%
Welches Lied ist NICHT von der britischen Rockband Queen?Whole Lotta Rosie
38%
In welchem Jahr erschien die PlayStation in Japan?1994
35%
Welcher Ort stammt NICHT aus dem Spiel: "The Elder Scrolls V: Skyrim" ?Krähenfels
32%
Welcher Charakter stammt aus den Fluch der Karibik Filmen?Ragetti
29%
Welche Person ist/war KEIN Mitglied der Rocket Beans?Kristoffer Jonas Klauß
27%
Welches Item gibt es NICHT im Survival Spiel "Raft" ?Taschenlampe
23%
Welche Line stammt von Kollegah dem Boss?Ey, du bist wie Stuttgart, dein Freundeskreis is schwul
18%

Verteilung der Resultate

Perzentil nach korrekt beantworteten Fragen

Anzahl Personen mit jedem Resultat

Ihre Resultats-Entwicklung

Sie haben dieses Quiz noch nicht gespielt